| 000 | 00793nam a2200325Ia 4500 | ||
|---|---|---|---|
| 001 | AUWbook002441 | ||
| 003 | BDCtgAUW | ||
| 005 | 20260406155206.0 | ||
| 008 | 220908s9999 xx 000 0 eng d | ||
| 020 | _a070710422x | ||
| 040 |
_aBDCtgAUW _cBDCtgAUW |
||
| 050 | _aDF77.D8513 | ||
| 100 | 1 |
_aDuruy Victor. _915015 |
|
| 245 | 0 | _aThe world of the greeks. | |
| 260 |
_aLondon : _bGifford, _c1971. |
||
| 300 | _a159 pages. | ||
| 650 | 0 | _aCivilization. | |
| 650 | 0 | _aCivilization. | |
| 650 | 0 | _aHistory. | |
| 650 | 0 | _aHistory. | |
| 650 | 0 | _aWorld history. | |
| 651 | 0 |
_aGreece. _973977 |
|
| 651 | 0 |
_aGreece. _973977 |
|
| 651 | 0 |
_aJapan _979863 |
|
| 700 | 1 |
_aRosenthal, Joel, Translator. _915023 |
|
| 887 |
_a BRAC _22982 |
||
| 888 | _22982 | ||
| 942 |
_cBK _01 _2lcc |
||
| 945 | _cBK | ||
| 999 |
_c18000 _d18000 |
||